000 00335nam a2200133Ia 4500
008 240624s9999 xx 000 0 und d
041 _aeng
082 _a828 NOR
100 _aNORBU JAMYANG
245 _aMANDALA OF SHERLOCK HOLMES
260 _c2011
_aNew Delhi
_bHarper Collins
300 _axxv, : 287. : cm. ; 22
365 _cRS
_b25
999 _c18611
_d18611